000
00326nam a22001457a 4500
003
SGT
020
_a
9789351432548
082
_a
343.099 9,RAS
100
_a
RASTOGI,ANIRUDH
245
_a
CYBER SECURITYCYBER LAW
260
_a
NEW DELHI
_b
LEXIS NIXIS
_c
2014
300
_a
395
650
_a
CYBER SECURITY
942
_2
ddc
_c
BK
_0
1
999
_c
10318
_d
10318